| 000 | 00808nam a22002297a 4500 | ||
|---|---|---|---|
| 005 | 20170124105928.0 | ||
| 010 | _aA-69136 | ||
| 020 |
_a0709917201 _c00.00 |
||
| 020 |
_a9231018906 _c00.00 |
||
| 035 | _aA-69136 | ||
| 037 | _bCen Lib/Ret | ||
| 040 |
_aDPL _bEN |
||
| 082 |
_a300.7 _bMEH |
||
| 245 |
_aUNESCO handbook for the teaching of social science / _cedited by Howard D. Mehlinger |
||
| 260 |
_aFrance _bUnited Nations Education, Scientific and Cultural Organization _c1981 |
||
| 270 |
_a7 Place de Fontenoy, _bParis, France _e75700 |
||
| 300 |
_a409p. _bIncludes Appendix and index _c22cm(pbk) |
||
| 650 |
_aSocial Science - study and teachings _97380 |
||
| 650 |
_aEducational Programme - UNESCO _97381 |
||
| 700 |
_aMehlinger, Howard D. _97384 |
||
| 942 |
_2ddc _cEN _h300.7 _mMEH |
||
| 999 |
_c123640 _d123640 |
||